Sports Quiz

Random Sports Quiz

New Jersey Nets Roster (2012) Quiz Stats

 Plays Quiz not verified by Sporcle

Score 0/15 Timer 07:00
0 Plays Today
Number Player % Correct
8Deron Williams
98.8%
20Jordan Williams
98.8%
7Shawne Williams
98.8%
33Shelden Williams
98.8%
11Brook Lopez
96.3%
43Kris Humphries
87.7%
9MarShon Brooks
81.5%
22Anthony Morrow
79%
Number Player % Correct
92DeShawn Stevenson
79%
2Jordan Farmar
75.3%
27Johan Petro
70.4%
1Sundiata Gaines
64.2%
10Damion James
51.9%
13Mehmet Okur
45.7%
14Andre Emmett
12.3%

You're not logged in!

Compare scores with friends on all Sporcle quizzes.
OR
Log In

Show Comments

Extras

Top Quizzes Today


Score Distribution

Your Account Isn't Verified!

In order to create a playlist on Sporcle, you need to verify the email address you used during registration. Go to your Sporcle Settings to finish the process.

Report this User

Report this user for behavior that violates our Community Guidelines.

Details: